00642nam a2200229 a 450000100080000000500110000800800410001910000310006024500320009126000390012330000140016252000830017665000150025965300090027465300240028365300240030765300170033165300120034865300200036065300130038065300190039315006232023-08-09 2004 bl uuuu u0uu1 u #d1 aGONÇALVES, L. de M. P. B. aBiblioteca da Embrapa Acre. aRio Branco, AC: Embrapa Acrec2004 c1 folder. aEsta publicação informa sobre o funcionamento da biblioteca da Embrapa Acre. aBiblioteca aAcre aAmazonia Occidental aAmazônia Ocidental aEmbrapa Acre aLibrary aRio Branco (AC) aServiço aWestern Amazon